Die 12 Apostel - Statistiken

Allgemein
  • Dieses Quiz wurde 173 mal gespielt
  • Das Durchschnittsergebnis liegt bei 5 aus 12
Antwortstatistiken
Apostel % Korrekt
Johannes
84%
Simon Petrus
82%
Matthäus
56%
Thomas
52%
Andreas
45%
Bartholomäus
26%
Judas Thaddäus
24%
Judas Iskariot
23%
Jacobus der Ältere
21%
Jacobus der Jüngere
20%
Philippus
19%
Simon Zelotes / Kananäus
6%
Keine übereinstimmenden Quizze gefunden
Verteilung der Resultate
Anzahl Personen mit jedem Resultat
Perzentil nach korrekt beantworteten Fragen
Ihre Resultats-Entwicklung
Sie haben dieses Quiz noch nicht gespielt